000 00946nam a22002777a 4500
005 20170901143712.0
008 141107s1999 ec a gr 00010 spa d
020 _a9978045260
022 _a13901222
040 _aCO-BoIAVH
_cCO-BoIAVH
041 _aspa
044 _aec
082 0 4 _a577.38
_bP1
245 0 3 _aEl páramo como espacio de mitigación de carbono atmosférico /
_ceditado Galo Medina y Patricio Mena
260 3 _aQuito :
_bEdiciones Abya-Yala,
_c1999.
300 _a62 páginas:
_c21 cm.
490 _aPáramo
_v1
504 _aIncluye bibliografías.
650 6 _aConservación de páramos
_z Ecuador
650 6 _aPáramos
_vMitigación de carbono
_zEcuador
650 6 _aServicios ambientales
_zEcuador
700 1 _aMena-Vásconez, Patricio,
_eeditor
700 1 _aMedina, Galo
_eeditor
710 2 _aGrupo de Trabajo en Páramos del Ecuador (GTP)
942 _2ddc
_cLIBRO
999 _c19798
_d19798